Dalit writings: emerging perspectives (Record no. 1225966)

MARC details
000 -LEADER
fixed length control field 00695nam a2200217Ia 4500
005 - DATE AND TIME OF LATEST TRANSACTION
control field 20241129105807.0
008 - FIXED-LENGTH DATA ELEMENTS--GENERAL INFORMATION
fixed length control field 241129s9999||||xx |||||||||||||| ||und||
020 ## - INTERNATIONAL STANDARD BOOK NUMBER
International Standard Book Number 978-81-316-1230-9
037 ## - SOURCE OF ACQUISITION
Stock number TB
040 ## - CATALOGING SOURCE
Original cataloging agency ARTS
Language of cataloging eng
Transcribing agency ARTS
041 ## - LANGUAGE CODE
Language code of text/sound track or separate title eng
Source of code eng
084 ## - COLON CLASSIFICATION NUMBER
Classification number O111:g(Y5927) R2
Assigning agency ARTS
100 ## - MAIN ENTRY--PERSONAL NAME
Personal name Gupta Santosh Ed.; Chakrabarty Bandana Ed.
9 (RLIN) 724757
245 #0 - TITLE STATEMENT
Title Dalit writings: emerging perspectives
Statement of responsibility, etc. Gupta Santosh Ed.; Chakrabarty Bandana Ed.
260 ## - PUBLICATION, DISTRIBUTION, ETC.
Place of publication, distribution, etc. Jaipur, India
Name of publisher, distributor, etc. Rawat Publications
Date of publication, distribution, etc. 2022
300 ## - PHYSICAL DESCRIPTION
Extent x,226p.
365 ## - TRADE PRICE
Price type code INR
Price amount 1095
650 ## - SUBJECT ADDED ENTRY--TOPICAL TERM
Topical term or geographic name entry element English LitertureSociology
9 (RLIN) 726386
942 ## - ADDED ENTRY ELEMENTS (KOHA)
Koha item type Textbook
Classification part O111:g(Y5927) R2

No items available.

Copyright @ Delhi University Library System